| 000 | 00643nam a22001937a 4500 | ||
|---|---|---|---|
| 003 | AM-YeHGA | ||
| 005 | 20250617154142.0 | ||
| 008 | 180601s ||||| |||| 00| 0 rus d | ||
| 040 | _aAM-YeHGA | ||
| 041 | 0 | _arus | |
| 245 | 0 | 0 |
_aСорные растения Таджикистана / _cОтв. ред. И.Т. Васильченко. |
| 260 |
_aЛенинград ; _aМосква : _bБ. и., _c1953 - |
||
| 300 | _aтом | ||
| 505 | 1 | 0 | _gТ. 1 (1953, 450 с.) |
| 653 | 0 | _aСорные растения - Таджикская ССР | |
| 700 | 1 |
_aВасильченко, И.Т. _eред. _4edt |
|
| 942 |
_2udc _cBK |
||
| 090 | _c408119 | ||
| 999 |
_c405867 _d405867 |
||